Análisis de algunos resultados de una reforma curricular : el caso de Chile : Programa Interdisciplinario de Investigaciones en Educación (PIIE).

Guardado en:
Detalles Bibliográficos
Autor principal: Andraca O., Ana María de (autor)
Formato: Desconocido
Idioma:Español
Temas:
Acceso en línea:Ver documento en línea
Etiquetas: Agrega una etiqueta
Sin etiquetas, Sé el primero en etiquetar este registro!

MARC

LEADER 00000c**#a2200000ua#4500
001 000500489
003 DLC
005 20260415000000.0
008 070820c^^^^9999^^^^r1^^^^^^^^0^^^^0spa^d
009 20260415154205.84
022 |a 01851284 
035 |a FCE 000044658 
037 |a Acervo ITESO - Biblioteca 
041 |a spa 
095 |a RLEE  |b 78-2-109. 
100 |a Andraca O., Ana María de  |e (autor) 
245 1 0 |a Análisis de algunos resultados de una reforma curricular : el caso de Chile :  |b Programa Interdisciplinario de Investigaciones en Educación (PIIE). 
264 |a México :  |b Centro de Estudios Educativos,  |c 1978. 
336 |a texto  |b txt  |2 rdacontenido 
337 |a sin mediación  |b n  |2 rdamedio 
338 |a volumen  |b nc  |2 rdasoporte 
649 |a XX 
650 |a Educación media 
650 |a Técnica de enseñanza 
650 |a Actitud del docente 
650 |a Reforma curricular 
650 |a Chile 
740 |g vol. 8, no. 2, 1978, pp. 109-132.  |t Revista Latinoamericana de Estudios Educativos. Artículos, 
856 4 0 |u https://www.cee.edu.mx/rlee/revista/r1971_1980/r_texto/t_1978_2_04.pdf  |y Ver documento en línea 
910 |a Fondo Centro de Estudios Educativos 
920 |a Impresos - Libros 
930 |a Fondos Especiales 
905 |a 133 
902 |a https://opac.biblio.iteso.mx/vufind/Record/000500489